[Event "Ruhrgebiet Verbandsliga Gruppe 2 1617"]
[Site "Germany"]
[Date "2017.04.30"]
[Round "9.7"]
[White "Hessel, Malte"]
[Black "Winzbeck, Frank"]
[Result "1-0"]
[WhiteElo "1873"]
[BlackElo "1840"]
[PlyCount "67"]
[EventDate "2016.09.04"]
[EventType "team-tourn"]
[EventRounds "9"]
[EventCountry "GER"]
[SourceTitle "EXT 2022"]
[Source "ChessBase"]
[SourceDate "2021.10.06"]
[SourceVersion "1"]
[SourceVersionDate "2021.10.06"]
[SourceQuality "1"]
[WhiteTeam "Sodingen/Castrop SK II"]
[BlackTeam "Gladbeck SG"]
[WhiteTeamCountry "GER"]
[BlackTeamCountry "GER"]

1. d4 Nf6 2. Nf3 e6 3. e3 b6 4. Bd3 Bb7 5. Nbd2 d5 6. 0-0 c5 7. c3 Bd6 8. Qe2 Nbd7 9. e4 dxe4 10. Nxe4 Nxe4 11. Bxe4 Bxe4 12. Qxe4 0-0 13. Bg5 Qc7 14. Rad1 h6 15. Bh4 Rac8 16. Rfe1 Rfe8 17. Bg3 Bxg3 18. hxg3 Nf6 19. Qe5 Qc6 20. dxc5 bxc5 21. c4 Qa4 22. Qc3 Rb8 23. Ra1 Red8 24. b3 Qa3 25. Qc2 a5 26. Rad1 Rdc8 27. Re3 Qb4 28. Ne5 a4 29. Nd7 Nxd7 30. Rxd7 Rd8 31. Red3 Rxd7 32. Rxd7 axb3 33. axb3 Qxb3 34. Rd8+ 1-0

[Event "Ruhrgebiet Verbandsliga Gruppe 2 1617"]
[Site "Germany"]
[Date "2016.11.27"]
[Round "4.7"]
[White "Hessel, Malte"]
[Black "Gregoritsch, Dirk"]
[Result "1/2-1/2"]
[WhiteElo "1898"]
[BlackElo "1775"]
[PlyCount "95"]
[EventDate "2016.09.04"]
[EventType "team-tourn"]
[EventRounds "9"]
[EventCountry "GER"]
[SourceTitle "EXT 2022"]
[Source "ChessBase"]
[SourceDate "2021.10.06"]
[SourceVersion "1"]
[SourceVersionDate "2021.10.06"]
[SourceQuality "1"]
[WhiteTeam "Sodingen/Castrop SK II"]
[BlackTeam "Brambauer"]
[WhiteTeamCountry "GER"]
[BlackTeamCountry "GER"]

1. d4 Nf6 2. Nf3 e6 3. g3 c5 4. Bg2 d5 5. 0-0 Be7 6. c4 0-0 7. cxd5 exd5 8. dxc5 Bxc5 9. Nbd2 Nc6 10. Nb3 Bb6 11. Nfd4 Nxd4 12. Nxd4 Ne4 13. e3 Bd7 14. Qd3 Re8 15. b3 Rc8 16. Bb2 a6 17. Rac1 Qe7 18. Rxc8 Rxc8 19. Rc1 Rxc1+ 20. Bxc1 Bc7 21. Bb2 h6 22. Nf3 Bc6 23. Nh4 Be5 24. Nf5 Qf6 25. Bxe5 Qxe5 26. Nd4 Qf6 27. Qc2 Ng5 28. f4 Ne4 29. Bxe4 dxe4 30. Qc5 g6 31. b4 Qd8 32. Qc2 Qd5 33. a3 Bd7 34. Qc7 Bh3 35. Qc2 h5 36. Qb3 Qd7 37. Qd1 Qd5 38. Qb3 Qd7 39. Qc2 Qd5 40. Kf2 Kh7 41. Qb3 Qd7 42. Qc4 Kg8 43. Qc2 Qd5 44. Nb3 Qb5 45. Qe2 Qa4 46. Qb2 Qb5 47. Qe2 Qa4 48. Qb2 1/2-1/2

[Event "Ruhrgebiet Verbandsklasse Gruppe 1 1516"]
[Site "Germany"]
[Date "2016.01.24"]
[Round "6.1"]
[White "Hessel, Malte"]
[Black "Kindermann, Carsten"]
[Result "1/2-1/2"]
[WhiteElo "1944"]
[BlackElo "1940"]
[PlyCount "54"]
[EventDate "2015.09.06"]
[EventType "team-tourn"]
[EventRounds "9"]
[EventCountry "GER"]
[SourceTitle "EXT 2022"]
[Source "ChessBase"]
[SourceDate "2021.10.06"]
[SourceVersion "1"]
[SourceVersionDate "2021.10.06"]
[SourceQuality "1"]
[WhiteTeam "Sodingen/Castrop SK III"]
[BlackTeam "Borbeck Weisse Dame II"]
[WhiteTeamCountry "GER"]
[BlackTeamCountry "GER"]

1. d4 d5 2. Nf3 Nf6 3. e3 c5 4. c3 e6 5. Bd3 Nc6 6. Nbd2 Bd6 7. 0-0 0-0 8. dxc5 Bxc5 9. e4 Qc7 10. exd5 exd5 11. Nb3 Bd6 12. h3 h6 13. Re1 Bd7 14. Nbd4 a6 15. Be3 Rfe8 16. Qc2 Rac8 17. Nxc6 Bxc6 18. Bd4 Ne4 19. Nd2 Nc5 20. Bh7+ Kh8 21. Bf5 Rcd8 22. Bxc5 Bxc5 23. Nf3 Qf4 24. Rxe8+ Rxe8 25. Rd1 g6 26. Bd3 Bd6 27. Qd2 Qxd2 1/2-1/2

[Event "Ruhrgebiet Verbandsklasse Gruppe 1 1516"]
[Site "Germany"]
[Date "2015.11.08"]
[Round "3.1"]
[White "Hessel, Malte"]
[Black "Thelen, Thomas"]
[Result "1/2-1/2"]
[WhiteElo "1946"]
[BlackElo "2055"]
[PlyCount "97"]
[EventDate "2015.09.06"]
[EventType "team-tourn"]
[EventRounds "9"]
[EventCountry "GER"]
[SourceTitle "EXT 2022"]
[Source "ChessBase"]
[SourceDate "2021.10.06"]
[SourceVersion "1"]
[SourceVersionDate "2021.10.06"]
[SourceQuality "1"]
[WhiteTeam "Sodingen/Castrop SK III"]
[BlackTeam "Wattenscheid SV IV"]
[WhiteTeamCountry "GER"]
[BlackTeamCountry "GER"]

1. d4 Nf6 2. Nf3 e6 3. e3 c5 4. Bd3 b6 5. Nbd2 Bb7 6. c3 Be7 7. e4 d6 8. 0-0 0-0 9. Re1 Nbd7 10. Nf1 Qc7 11. h3 Rfe8 12. Bf4 e5 13. dxe5 dxe5 14. Bh2 c4 15. Bc2 Rad8 16. Qe2 b5 17. N1d2 Bf8 18. a4 a6 19. axb5 axb5 20. Ra2 Nc5 21. Rea1 Nd3 22. Ne1 Nxe1 23. Qxe1 b4 24. Ra4 Ra8 25. Rxa8 Bxa8 26. Qe2 Rc8 27. Nf3 Nd7 28. cxb4 Bxb4 29. Ra4 Bd6 30. Qe3 Bb7 31. Nd2 Nb6 32. Ra2 h6 33. Kh1 c3 34. bxc3 Nc4 35. Qe2 Nxd2 36. Qxd2 Qc4 37. Ra7 Qxc3 38. Qxc3 Rxc3 39. Rxb7 Rxc2 40. Bg3 Bc5 41. Rc7 f6 42. h4 h5 43. Kh2 Rc4 44. Kh3 Rc1 45. Bh2 Kh7 46. f3 Kg6 47. Bg1 Rxg1 48. Rxc5 Rh1+ 49. Kg3 1/2-1/2

[Event "Ruhrgebiet Verbandsklasse Gruppe 1 1516"]
[Site "Germany"]
[Date "2015.09.06"]
[Round "1.1"]
[White "Hessel, Malte"]
[Black "Kusnetsov, Mark"]
[Result "0-1"]
[WhiteElo "1946"]
[BlackElo "2086"]
[PlyCount "128"]
[EventDate "2015.09.06"]
[EventType "team-tourn"]
[EventRounds "9"]
[EventCountry "GER"]
[SourceTitle "EXT 2022"]
[Source "ChessBase"]
[SourceDate "2021.10.06"]
[SourceVersion "1"]
[SourceVersionDate "2021.10.06"]
[SourceQuality "1"]
[WhiteTeam "Sodingen/Castrop SK III"]
[BlackTeam "Recklinghausen Altstadt"]
[WhiteTeamCountry "GER"]
[BlackTeamCountry "GER"]

1. d4 d5 2. Nf3 Nf6 3. e3 Bg4 4. c4 c6 5. Qb3 Qb6 6. Qxb6 axb6 7. Ne5 Bf5 8. Nc3 e6 9. Be2 Nbd7 10. Nxd7 Kxd7 11. Bd2 h5 12. f3 Bd6 13. Kf2 Rag8 14. h4 Ra8 15. a3 Bh7 16. Rac1 Rhc8 17. Rhd1 Ke7 18. cxd5 exd5 19. g3 Kf8 20. Na2 Kg8 21. Bc3 Re8 22. Bd3 Bxd3 23. Rxd3 b5 24. Bb4 Bxb4 25. Nxb4 Nd7 26. Rc2 Nb6 27. Na2 Nc4 28. Nc1 Re7 29. Re2 Rae8 30. Na2 f6 31. Nc3 Nd6 32. Nd1 Kf7 33. Re1 g5 34. Rh1 Kg6 35. hxg5 fxg5 36. Kg2 Nf5 37. Re1 Kf6 38. Kf2 g4 39. fxg4 hxg4 40. Rh1 Kg5 41. Rd2 Nxe3 42. Nxe3 Rxe3 43. Rh7 Rf3+ 44. Kg2 Ree3 45. Rg7+ Kf5 46. Rf7+ Kg6 47. Rxb7 Rxg3+ 48. Kh2 Rh3+ 49. Kg1 Re1+ 50. Kg2 Reh1 51. Rf2 R1h2+ 52. Kg1 Rxf2 53. Kxf2 Rh2+ 54. Kg3 Rxb2 55. Rc7 Kf5 56. Rxc6 Rb3+ 57. Kg2 g3 58. Ra6 Ke4 59. a4 bxa4 60. Rxa4 Rd3 61. Ra8 Kxd4 62. Rc8 Re3 63. Rd8 Kc4 64. Rc8+ Kd3 0-1

[Event "Ruhrgebiet Verbandsklasse Gruppe 2 1415"]
[Site "Germany"]
[Date "2014.10.19"]
[Round "2.1"]
[White "Kindermann, Carsten"]
[Black "Hessel, Malte"]
[Result "0-1"]
[WhiteElo "1919"]
[BlackElo "1917"]
[PlyCount "92"]
[EventDate "2014.09.21"]
[EventType "team-tourn"]
[EventRounds "9"]
[EventCountry "GER"]
[SourceTitle "EXT 2022"]
[Source "ChessBase"]
[SourceDate "2021.10.06"]
[SourceVersion "1"]
[SourceVersionDate "2021.10.06"]
[SourceQuality "1"]
[WhiteTeam "Borbeck Weisse Dame II"]
[BlackTeam "Castrop Rauxel II"]
[WhiteTeamCountry "GER"]
[BlackTeamCountry "GER"]

1. e4 c6 2. Nc3 d5 3. Nf3 d4 4. Ne2 c5 5. c3 Bg4 6. Ne5 Bxe2 7. Bxe2 Nc6 8. Qa4 Qd6 9. cxd4 cxd4 10. Bb5 Rc8 11. Nxc6 bxc6 12. Bc4 Qc7 13. 0-0 Nf6 14. d3 e6 15. Ba6 Rd8 16. Bd2 Nd7 17. Ba5 Nb6 18. Qc2 Bd6 19. g3 0-0 20. Rac1 c5 21. b4 c4 22. Rfd1 c3 23. f4 Qc6 24. a3 Be7 25. Qf2 Rd7 26. Bxb6 axb6 27. Bc4 b5 28. Bb3 Ra8 29. Ra1 Qb6 30. Ra2 Rda7 31. Rda1 Ra6 32. h4 R8a7 33. f5 e5 34. Bd5 Qd8 35. Qc2 Bf8 36. Qb3 Qf6 37. Rf2 Qh6 38. Re2 Qh5 39. Rf2 Qh6 40. Re2 Qh5 41. Rf2 Be7 42. Raa2 Bf6 43. Rf1 Kf8 44. Rff2 Qg4 45. Kh2 Bxh4 46. gxh4 Rh6 0-1

[Event "NRW Verbandsklasse Group2 1314"]
[Site "Nordrheinwestfalen"]
[Date "2014.02.16"]
[Round "7.2"]
[White "Hessel, Malte"]
[Black "Gregoritsch, Dirk"]
[Result "1-0"]
[WhiteElo "1920"]
[BlackElo "1854"]
[PlyCount "77"]
[EventDate "2013.09.08"]
[EventType "team-tourn"]
[EventRounds "9"]
[EventCountry "GER"]
[SourceTitle "EXT 2020"]
[Source "ChessBase"]
[SourceDate "2019.10.17"]
[SourceVersion "1"]
[SourceVersionDate "2019.10.17"]
[SourceQuality "1"]
[WhiteTeam "Castrop Rauxel II"]
[BlackTeam "Doppelbauer Brambauer II"]
[WhiteTeamCountry "GER"]
[BlackTeamCountry "GER"]

1. d4 Nf6 2. c4 e6 3. Nf3 Bb4+ 4. Bd2 Qe7 5. g3 Ne4 6. Bg2 0-0 7. 0-0 Bxd2 8. Nfxd2 Nxd2 9. Qxd2 d6 10. b4 e5 11. Nc3 exd4 12. Nd5 Qd8 13. Qxd4 Re8 14. e3 Na6 15. Qc3 c6 16. Nf4 Qb6 17. a3 Bf5 18. Rad1 Rad8 19. Rd2 Rd7 20. h3 Be4 21. Bxe4 Rxe4 22. Qd3 Ree7 23. Rfd1 Qd8 24. e4 Nb8 25. Qf3 h6 26. Kh2 Re5 27. Nd3 Re6 28. Qg4 Qe7 29. f3 b6 30. Nf4 Re5 31. h4 Kh7 32. Kg2 g6 33. Nd3 Re6 34. Nf4 Re5 35. Kf2 a5 36. b5 Rc5 37. bxc6 Nxc6 38. Nd5 Qd8 39. Qxd7 1-0

[Event "NRW Verbandsklasse Group2 1314"]
[Site "Nordrheinwestfalen"]
[Date "2013.12.15"]
[Round "5.2"]
[White "Schiefelbusch, Dirk"]
[Black "Hessel, Malte"]
[Result "1-0"]
[WhiteElo "2091"]
[BlackElo "1920"]
[PlyCount "95"]
[EventDate "2013.09.08"]
[EventType "team-tourn"]
[EventRounds "9"]
[EventCountry "GER"]
[SourceTitle "EXT 2020"]
[Source "ChessBase"]
[SourceDate "2019.10.17"]
[SourceVersion "1"]
[SourceVersionDate "2019.10.17"]
[SourceQuality "1"]
[WhiteTeam "Dortmund Hansa III"]
[BlackTeam "Castrop Rauxel II"]
[WhiteTeamCountry "GER"]
[BlackTeamCountry "GER"]

1. d4 Nf6 2. Nf3 e6 3. Bg5 Be7 4. e3 b6 5. Bd3 Bb7 6. 0-0 0-0 7. c4 d5 8. cxd5 Nxd5 9. Bxe7 Qxe7 10. Nc3 Nxc3 11. bxc3 Nd7 12. a4 c5 13. a5 e5 14. Be2 cxd4 15. cxd4 e4 16. Nd2 Bd5 17. Qa4 Rfc8 18. Rfc1 bxa5 19. Qxa5 Nb6 20. h3 Rc7 21. Ba6 g6 22. Rc3 Rxc3 23. Qxc3 Bb7 24. Bf1 Bd5 25. Qa5 Rc8 26. Nb1 Rc1 27. Nc3 Rxa1 28. Qxa1 Bc6 29. Qa5 Qb7 30. Ba6 Qd7 31. Qe5 f5 32. d5 Bxd5 33. Nxd5 Qxd5 34. Qxd5+ Nxd5 35. Bc4 Kf7 36. Bxd5+ Kf6 37. Kf1 Ke5 38. Bg8 h6 39. Ke2 g5 40. Bf7 f4 41. Kd2 Kf5 42. Be8 Ke5 43. Kc3 Kd5 44. Bf7+ Kc5 45. Kb3 a5 46. Ka4 h5 47. Kxa5 h4 48. Bg6 1-0

[Event "NRW Verbandsklasse Group2 1314"]
[Site "Nordrheinwestfalen"]
[Date "2013.11.03"]
[Round "3.2"]
[White "Tiefenhoff, Christian"]
[Black "Hessel, Malte"]
[Result "1/2-1/2"]
[WhiteElo "1982"]
[BlackElo "1920"]
[PlyCount "84"]
[EventDate "2013.09.08"]
[EventType "team-tourn"]
[EventRounds "9"]
[EventCountry "GER"]
[SourceTitle "EXT 2020"]
[Source "ChessBase"]
[SourceDate "2019.10.17"]
[SourceVersion "1"]
[SourceVersionDate "2019.10.17"]
[SourceQuality "1"]
[WhiteTeam "Germania Kupferdreh"]
[BlackTeam "Castrop Rauxel II"]
[WhiteTeamCountry "GER"]
[BlackTeamCountry "GER"]

1. d4 Nf6 2. Nf3 e6 3. Bg5 Be7 4. e3 d5 5. Nbd2 Nbd7 6. Bd3 0-0 7. 0-0 b6 8. e4 dxe4 9. Nxe4 Bb7 10. Nxf6+ Bxf6 11. Be3 Qe7 12. c3 c5 13. Be2 Rfd8 14. Qa4 e5 15. dxc5 Nxc5 16. Qb4 e4 17. Nd2 Nd3 18. Qxe7 Bxe7 19. Rab1 Rd7 20. Nb3 Bd5 21. Rfd1 Bxb3 22. axb3 Rad8 23. Bd4 Bc5 24. Bxc5 Nxc5 25. Rxd7 Rxd7 26. Rd1 Rxd1+ 27. Bxd1 f5 28. Bc2 a5 29. Kf1 Kf7 30. Ke2 Ke6 31. g3 g5 32. f3 Ke5 33. fxe4 Nxe4 34. Ke3 h5 35. Bd1 f4+ 36. gxf4+ gxf4+ 37. Kf3 Ng5+ 38. Kf2 h4 39. Bh5 Kd5 40. Ke2 Ke4 41. Bg6+ Ke5 42. Bh5 Ne4 1/2-1/2

[Event "Ruhrgebiet VK2 1213"]
[Site "Nordrheinwestfalen"]
[Date "2013.04.07"]
[Round "8.5"]
[White "Seemann, Mathis"]
[Black "Hessel, Malte"]
[Result "0-1"]
[WhiteElo "1886"]
[BlackElo "1922"]
[PlyCount "64"]
[EventDate "2012.09.02"]
[EventType "team-tourn"]
[EventRounds "9"]
[EventCountry "GER"]
[SourceTitle "EXT 2020"]
[Source "ChessBase"]
[SourceDate "2019.10.17"]
[SourceVersion "1"]
[SourceVersionDate "2019.10.17"]
[SourceQuality "1"]
[WhiteTeam "Bochum Uni"]
[BlackTeam "Castrop Rauxel II"]
[WhiteTeamCountry "GER"]
[BlackTeamCountry "GER"]

1. d4 f5 2. d5 Nf6 3. Nf3 d6 4. Nc3 e5 5. Bg5 Be7 6. Bxf6 Bxf6 7. e4 0-0 8. Qd2 a5 9. exf5 Bxf5 10. Bd3 e4 11. Nxe4 Re8 12. Qf4 Bxe4 13. Bxe4 Qe7 14. 0-0-0 Qxe4 15. Qd2 Qa4 16. Rde1 Nd7 17. Kb1 Qb5 18. c3 Nb6 19. Rxe8+ Rxe8 20. Re1 Rxe1+ 21. Qxe1 Kf8 22. Nd4 Bxd4 23. cxd4 Qd3+ 24. Ka1 Qxd4 25. a3 Nc4 26. Qb1 g6 27. Qc1 Kg7 28. f3 b5 29. g4 Qxd5 30. f4 Qd2 31. Qb1 Qxh2 32. f5 Qxb2+ 0-1

[Event "Ruhrgebiet VK2 1213"]
[Site "Nordrheinwestfalen"]
[Date "2013.02.24"]
[Round "7"]
[White "Hessel, Malte"]
[Black "Herrmann, Uwe"]
[Result "1-0"]
[WhiteElo "1922"]
[BlackElo "1946"]
[PlyCount "42"]
[EventDate "2012.09.02"]
[EventType "team-tourn"]
[EventRounds "9"]
[EventCountry "GER"]
[SourceTitle "EXT 2020"]
[Source "ChessBase"]
[SourceDate "2019.10.17"]
[SourceVersion "1"]
[SourceVersionDate "2019.10.17"]
[SourceQuality "1"]
[WhiteTeam "Castrop Rauxel II"]
[BlackTeam "Annen Sport Union"]
[WhiteTeamCountry "GER"]
[BlackTeamCountry "GER"]

1. d4 Nf6 2. Nf3 g6 3. c3 Bg7 4. Bg5 d6 5. e3 h6 6. Bh4 Nbd7 7. Bd3 c5 8. 0-0 g5 9. Bg3 Nh5 10. Nbd2 Nxg3 11. fxg3 Qb6 12. Nc4 Qc7 13. e4 cxd4 14. cxd4 g4 15. Nh4 Bxd4+ 16. Kh1 Ne5 17. Nxe5 Bxe5 18. Bb5+ Bd7 19. Rc1 Qd8 20. Qd5 e6 21. Qxb7 Bxb5 1-0

[Event "Ruhrgebiet VK1 1112"]
[Site "Nordrheinwestfalen"]
[Date "2012.01.08"]
[Round "5"]
[White "Hessel, Malte"]
[Black "Rostek, Joerg"]
[Result "0-1"]
[WhiteElo "1931"]
[BlackElo "2025"]
[PlyCount "78"]
[EventDate "2012.09.18"]
[EventType "team-tourn"]
[EventRounds "9"]
[EventCountry "GER"]
[SourceTitle "EXT 2020"]
[Source "ChessBase"]
[SourceDate "2019.10.17"]
[SourceVersion "1"]
[SourceVersionDate "2019.10.17"]
[SourceQuality "1"]
[WhiteTeam "Castrop Rauxel"]
[BlackTeam "Hoentrop SG"]
[WhiteTeamCountry "GER"]
[BlackTeamCountry "GER"]

1. d4 d6 2. e4 g6 3. Nf3 Bg7 4. c3 Nf6 5. Bd3 0-0 6. Bg5 h6 7. Be3 Ng4 8. Bd2 e5 9. h3 Nf6 10. 0-0 Nc6 11. Qc1 Kh7 12. Re1 Re8 13. dxe5 dxe5 14. Bc4 Be6 15. Bxe6 Rxe6 16. Qc2 Qd7 17. Be3 Rd8 18. Na3 Qd3 19. Qxd3 Rxd3 20. Nd2 Red6 21. Re2 Rd8 22. Rae1 a6 23. Nab1 Bf8 24. f3 Nh5 25. Kf2 b6 26. Nb3 Be7 27. g3 f5 28. exf5 gxf5 29. f4 e4 30. Rd2 a5 31. a4 Bf6 32. Rxd3 Rxd3 33. N1d2 Ne7 34. Nc1 Rd8 35. Nf1 Nd5 36. Rd1 Ng7 37. Ke2 Ne6 38. Nb3 c5 39. Rd2 Kg6 0-1

[Event "Ruhrgebiet VL2 0405"]
[Site "Ruhrgebiet"]
[Date "2005.01.09"]
[Round "5.6"]
[White "Foerster, Wolfgang"]
[Black "Hessel, Malte"]
[Result "1/2-1/2"]
[WhiteElo "1983"]
[BlackElo "1902"]
[PlyCount "57"]
[EventDate "2004.09.12"]
[EventType "team"]
[EventRounds "9"]
[EventCountry "GER"]
[SourceTitle "EXT 2006"]
[Source "ChessBase"]
[SourceDate "2005.11.24"]
[SourceVersion "1"]
[SourceVersionDate "2005.11.24"]
[SourceQuality "1"]
[WhiteTeam "Altstadt RE"]
[BlackTeam "Castrop Rauxel II"]
[WhiteTeamCountry "GER"]
[BlackTeamCountry "GER"]

1. e4 e5 2. Nc3 Nf6 3. g3 Bc5 4. Bg2 a6 5. d3 d6 6. h3 Nc6 7. Nge2 Bd7 8. Nd5 Nxd5 9. exd5 Nd4 10. c3 Nxe2 11. Qxe2 Qe7 12. 0-0 Ba7 13. Be3 Bxe3 14. Qxe3 0-0 15. Rae1 f6 16. f4 b6 17. c4 a5 18. d4 Rae8 19. Qc3 Rf7 20. fxe5 fxe5 21. Rxf7 Kxf7 22. dxe5 dxe5 23. Kh2 Kg8 24. a3 Bf5 25. b4 axb4 26. axb4 e4 27. c5 bxc5 28. bxc5 Qe5 29. Qc4 1/2-1/2

[Event "Ruhrgebiet VL2 0304"]
[Site "Ruhrgebiet"]
[Date "2004.02.08"]
[Round "6.7"]
[White "Happel, Juergen"]
[Black "Hessel, Malte"]
[Result "0-1"]
[WhiteElo "1858"]
[BlackElo "1906"]
[PlyCount "100"]
[EventDate "2003.09.28"]
[EventType "team"]
[EventRounds "9"]
[EventCountry "GER"]
[SourceTitle "EXT 2007"]
[Source "ChessBase"]
[SourceDate "2006.11.23"]
[SourceVersion "1"]
[SourceVersionDate "2006.11.23"]
[SourceQuality "1"]
[WhiteTeam "Hamm 45/58"]
[BlackTeam "Castrop Rauxel II"]
[WhiteTeamCountry "GER"]
[BlackTeamCountry "GER"]

1. Nf3 f5 2. d3 Nf6 3. g3 d6 4. Bg2 e5 5. c4 Be7 6. Nc3 c6 7. 0-0 0-0 8. e4 fxe4 9. dxe4 Qc7 10. Bg5 Be6 11. b3 Nbd7 12. Bxf6 Bxf6 13. h3 g6 14. Qd2 Kg7 15. Rad1 Be7 16. Qe3 h6 17. Rd2 Rf7 18. h4 Raf8 19. Nh2 a6 20. Kh1 g5 21. hxg5 Bxg5 22. f4 exf4 23. Qd4+ Bf6 24. Qxd6 Qxd6 25. Rxd6 Bxc3 26. Rxe6 Nc5 27. Rd6 Be5 28. Rdd1 fxg3 29. Rxf7+ Rxf7 30. Ng4 Bf4 31. Re1 h5 32. Ne3 Nd3 33. Re2 Bxe3 34. Rxe3 Nf2+ 35. Kg1 h4 36. e5 Re7 37. Bf1 Kg6 38. c5 Kf5 39. e6 Rxe6 40. Rf3+ Kg6 41. Bc4 Rf6 42. Re3 Kg5 43. Kg2 Ng4 44. Re7 Rf2+ 45. Kg1 Rxa2 46. Rg7+ Kf4 47. Rf7+ Ke4 48. Rh7 Ra1+ 49. Kg2 Ne3+ 50. Kh3 Rh1# 0-1